Statistiques concernant Les plus grandes villes traversees par La Saone

Cliquez ici pour prendre le quiz!

Statistiques générales

  • Ce quiz a été pris 38 fois
  • Le résultat moyen est 4 sur 6

Statistiques - réponses

PopulationVilles% Correct
513,275Lyon
100%
33,236Macon
86%
45,390Chalon-sur-Saone
77%
36,671Villefranche-sur-Saone
60%
42,292Caluire-et-Cuire
31%
13,057Belleville-en-Beaujolais
26%

Distribution des résultats

Percentile par nombre de réponses

% des personnes avec chaque résultat

Votre développement - résultats

Vous n’avez pas pris ce quiz